Jean Beugier, alias le Maître des Portraits princiers (notice n° 1603325)

détails MARC
000 -LEADER
fixed length control field 01630cam a2200157 4500500
005 - DATE AND TIME OF LATEST TRANSACTION
control field 20251228091548.0
041 ## - LANGUAGE CODE
Language code of text/sound track or separate title fre
042 ## - AUTHENTICATION CODE
Authentication code dc
100 10 - MAIN ENTRY--PERSONAL NAME
Personal name Deprouw-Augustin, Stéphanie
Relator term author
245 00 - TITLE STATEMENT
Title Jean Beugier, alias le Maître des Portraits princiers
260 ## - PUBLICATION, DISTRIBUTION, ETC.
Date of publication, distribution, etc. 2020.<br/>
500 ## - GENERAL NOTE
General note 12
520 ## - SUMMARY, ETC.
Summary, etc. This paper suggests that the puy painted in Amiens in 1500 and kept in Amiens Musée de Picardie, is a complex celebration of Louis XII’s conquest of Milan. It highlights the painter’s technical skills like group portrait composition and multiple colour glazes over gold leaf. The painting can be ascribed to the Master of the Princely Portraits, whose name is revealed here: Jean Beugier, a painter and illuminator active both in Brussels and Amiens from 1468 to 1505. His initials IB or his monogram appear on two panels from the Louvre Museum in Paris and Museum Boijmans van Beuningen, Rotterdam. Using both archival material and stylistic evidence, the author discusses the artist’s connexions with the van der Stockt family in Brussels. The Master of the Legend of Saint Catherine may be identified with painter Vrancke van der Stockt while the Master of the Legend of the Magdalen must be his son, Bernard van der Stockt. For chronological reasons it is still difficult to judge whether the illuminator known as Master of Jacques de Rambures might be identified with Jean Beugier’s father, Pierre Beugier, deceased in 1479.
786 0# - DATA SOURCE ENTRY
Note Revue de l'art | 208 | 2 | 2020-05-23 | p. 17-29 | 0035-1326
856 41 - ELECTRONIC LOCATION AND ACCESS
Uniform Resource Identifier <a href="https://shs.cairn.info/revue-de-l-art-2020-2-page-17?lang=fr&redirect-ssocas=7080">https://shs.cairn.info/revue-de-l-art-2020-2-page-17?lang=fr&redirect-ssocas=7080</a>

Pas d'exemplaire disponible.

PLUDOC

PLUDOC est la plateforme unique et centralisée de gestion des bibliothèques physiques et numériques de Guinée administré par le CEDUST. Elle est la plus grande base de données de ressources documentaires pour les Étudiants, Enseignants chercheurs et Chercheurs de Guinée.

Adresse

627 919 101/664 919 101

25 boulevard du commerce
Kaloum, Conakry, Guinée

Réseaux sociaux

Powered by Netsen Group @ 2025